Jack Stauber Songs - Statistics

General Stats
  • This quiz has been taken 203 times
    196 since last reset
  • The average score is 47 of 222
Answer Stats
Hint Answer % Correct
Pop Food Buttercup
78%
Shop: A Pop Opera Coffee
71%
Micropop Extended Baby Hotline
68%
Micropop | Micropop Extended Cupid
67%
Pop Food Oh Klahoma
67%
Shop: A Pop Opera Milk
66%
Shop: A Pop Opera Cheese
61%
Micropop Extended Two Time
61%
Micropop Extended Dinner Is Not Over
55%
Pop Food Dog Nightmare
55%
Micropop Extended Fighter
55%
HiLo Dead Weight
54%
Shop: A Pop Opera Bread
52%
Micropop Extended The Ballad Of Hamantha
52%
Opal Mirror Man
51%
Micropop Extended Cheeseburger Family
48%
Opal Easy to breathe
48%
Micropop Peppermint
48%
Opal We see you Opal
46%
Micropop Extended Tea Errors
45%
Micropop Choice
44%
HiLo Gettin' My Mom On
44%
Micropop Extended There's Something Happening
44%
Micropop | Micropop Extended Those Eggs Aren't Dippy
44%
Micropop Extended Al Dente
43%
Micropop Extended Keyman
42%
Micropop Extended Inchman
41%
HiLo Leopard
41%
Shop: A Pop Opera Paper Towels
41%
HiLo Cunk
40%
Shop: A Pop Opera Oatmeal
40%
Micropop Extended Today Today
40%
Micropop Extended Deploy
39%
HiLo Pizza Boy
39%
Micropop $4.99
38%
Micropop Just Take My Wallet
38%
Micropop Extended Out The Ox
38%
HiLo Small World
38%
Pop Food Candy Eyes
37%
HiLo John and Nancy
36%
Pop Food Koi Boy
36%
Pop Food My Plea
36%
HiLo Its Alright
35%
HiLo Beird
34%
Pop Food I Love You Verne Troyer
34%
HiLo O.U.R
34%
Pop Food Bothersome
33%
HiLo Coconut Ranger
33%
Pop Food Safe Socks
33%
Finite Form Smooth
33%
Micropop Bumblebees Are Out
32%
Micropop Doctor
32%
Pop Food I Understand
32%
Shop: A Pop Opera Finale
31%
HiLo Databend
30%
Pop Food Lynn
30%
Finite Form Runaway
30%
Finite Form Curl
29%
Finite Form Ms Led
29%
Finite Form Windrag
29%
HiLo Pad Thai
28%
Viator Viator
28%
Micropop Cooking With Abigail
26%
Viator On
26%
Opal Virtuous Cycle
26%
Reviator | Viator Baby Teeth
24%
Micropop Sod
24%
Micropop Benny Worm
23%
Micropop Crocodile tears
23%
Reviator | Viator Lake
23%
Finite Form Mindsight
23%
Micropop Penny
23%
Viator Pressed Flowers
23%
Finite Form Trust Flower
23%
Viator Vanilla
22%
Micropop Dumpster Girl
21%
Finite Form The Diverge
21%
Micropop Order
20%
Micropop Bubblegun
18%
Micropop Don't Say That One Word I Think Is Funny
18%
Micropop Estranger
18%
Viator Gnocchi
18%
Micropop Mr Backwards
18%
Zaki No
18%
Viator Rotten Apple
18%
Micropop 6B
17%
Micropop Astronaut
17%
Viator Bald Rainbow
17%
Micropop Dour Girl
17%
Micropop Goldie
17%
Micropop I Heard Ya
17%
Micropop Is Anyone There
17%
Micropop Love Bug
17%
Micropop Out of The Box
17%
Viator Red Press
17%
Micropop At The Store
16%
Micropop Lima Bean Man
16%
Viator The Walking Song
16%
Viator Bacon and Eggs
15%
Viator Naked Polly
15%
Micropop Polarizer
15%
Viator Christ Potion
14%
Micropop Eating On The Go
14%
Micropop Echo Co Co
14%
Micropop Get A Hold Of Yourself
14%
Micropop Great Lake
14%
Joose Hey
14%
Viator Hip End Lover
14%
Micropop I Hope You Miss Me In Heaven
14%
Micropop Junk Bat
14%
Viator Lifeline
14%
Micropop Pavlov
14%
Micropop Shattered Molars
14%
Viator Soda Pop Heart
14%
Micropop Spring Cleaning
14%
Viator The Claw
14%
Micropop The Motions of Fun
14%
Viator TV Shell
14%
Micropop Whisper
14%
Viator Bermuda Barb
13%
Micropop Broken Record
13%
Micropop Eyelash
13%
Viator Gretchen
13%
Micropop Growing Baby
13%
Reviator I Wont Row
13%
Micropop Love and Co.
13%
Viator Mara
13%
Micropop Pup
13%
Viator Stutter
13%
Viator Apricot
12%
Micropop Benchmarks
12%
Micropop Boo
12%
Viator Catapults
12%
Micropop Darren
12%
Viator Ivory
12%
Micropop Pumpkin Pie
12%
Micropop Wise
12%
Micropop Angel
11%
Viator Benny Tucker and the Ant
11%
Micropop Coral
11%
Micropop Dialtone
11%
Micropop Easy Eyes
11%
Micropop Elder
11%
Micropop Epoch Elliptic
11%
Live Shows Existential Genuis
11%
Zaki Howdy!
11%
Viator I Want Those Cars
11%
Micropop Lice
11%
Live Shows Me Night
11%
Micropop Pearls
11%
Micropop Richter
11%
Micropop Seltzer
11%
Micropop Sine
11%
Micropop Sleep Talk
11%
Micropop Sticky Flower
11%
Micropop Tall Long Blonde Cowboy Party
11%
Micropop Undie
11%
Viator Water Hose House
11%
Micropop Blood Pump
10%
Micropop Calm Water Fast Living
10%
Micropop Everything Bagel
10%
Micropop Huts
10%
Micropop Oh Lugsury
10%
Viator Squares
10%
Viator Sweetia
10%
Viator Ten Cent Fence
10%
Micropop Tragic Bean
10%
Micropop 4379
9%
Joose Cruise control
9%
Micropop Hot Dog
9%
Micropop Jamie
9%
Micropop Jozz
9%
Micropop Loco Ocean
9%
Micropop Love Cookie
9%
Viator Mists
9%
Micropop Thrower
9%
Live Shows Assley Tearsdale
8%
Micropop Baby Got No Heart
8%
Micropop Behead it All
8%
Viator Blessed Act
8%
Micropop Comb Attack
8%
Joose Corndog
8%
Joose Drink and Drive
8%
Joose El Poco Danylko
8%
Joose Frostbitten
8%
Micropop Gift of Eden
8%
Micropop Lick My Common Sense
8%
Micropop No More
8%
Micropop Pull
8%
Micropop Shucks
8%
Micropop Teacup
8%
Live Shows Temporary
8%
Micropop The Ground is Not So Far
8%
Live Shows Trajectory
8%
Micropop Underneath
8%
Micropop What Did You Do
8%
Micropop Words of Wisdom
8%
Zaki Balloon Thief
7%
Micropop Black Pepper
7%
Micropop Freefall
7%
Joose Growth
7%
Micropop Once Im In My Head
7%
Micropop Performer
7%
Micropop Wet Willy
7%
Micropop Eleven o Clock
6%
Zaki Nookrug
6%
Live Shows Seashells
6%
Zaki Snaggletooth Pumpkin
6%
Live Shows Song of Love
6%
Joose The Big One
6%
Joose Galaxy Queen
5%
Joose Kickback
5%
Viator Little Dipper
5%
Micropop Not For Your Throat
5%
Joose Pope
5%
Live Shows The Boulevard Of Broken Dreams
5%
Zaki Oopie Go Wrong
3%
Zaki Jock
2%
No matching quizzes found
Score Distribution
Percent of People with Each Score
Percentile by Number Answered
Your Score History
You have not taken this quiz since the last reset